Loading...
| Fine Arts - Painting and Sculpture | 0 | 7 | 0 | 0 | 70 | 32 | 47.43 | 3 | 5 | 38.32 | 50.51 |
| Fine Arts - Classical Music | 0 | 5 | 1 | 1 | 45 | 61 | 70.80 | 0 | 3 | 17.35 | 31.31 |
| Science - Physics | 0 | 5 | 2 | 1 | 40 | 44 | 67.20 | 1 | 1 | 16.85 | 20.20 |
| History - World | 0 | 3 | 0 | 0 | 30 | 77 | 90.33 | 0 | 0 | 4.46 | 10.10 |
| Religion | 0 | 4 | 2 | 2 | 30 | 61 | 101.50 | 0 | 1 | 4.08 | 11.11 |
| Mythology | 0 | 3 | 0 | 0 | 30 | 79 | 101.33 | 0 | 0 | 2.01 | 4.04 |
| Science - Biology | 0 | 3 | 1 | 0 | 25 | 49 | 61.33 | 0 | 1 | 10.24 | 12.12 |
| Science - Other | 0 | 3 | 1 | 1 | 25 | 74 | 82.00 | 0 | 0 | 7.60 | 16.16 |
| Literature - British | 0 | 2 | 0 | 0 | 20 | 80 | 86.00 | 0 | 0 | 4.58 | 8.08 |
| Literature - European | 0 | 2 | 0 | 1 | 20 | 76 | 94.50 | 0 | 0 | 3.52 | 6.06 |
| Literature - World | 0 | 2 | 0 | 0 | 20 | 43 | 69.00 | 1 | 1 | 7.99 | 13.13 |
| History - Other | 0 | 2 | 1 | 0 | 15 | 34 | 74.50 | 1 | 1 | 6.28 | 10.10 |
| Fine Arts - Other | 0 | 3 | 3 | 0 | 15 | 64 | 70.67 | 0 | 2 | 9.19 | 21.21 |
| Social Science | 0 | 1 | 0 | 0 | 10 | 72 | 72.00 | 0 | 1 | 4.32 | 9.72 |
| Literature - American | 0 | 1 | 0 | 0 | 10 | 36 | 36.00 | 1 | 1 | 6.14 | 9.09 |
| Popular Culture | 0 | 1 | 0 | 0 | 10 | 39 | 39.00 | 0 | 1 | 11.29 | 14.81 |
| Current Events | 0 | 1 | 0 | 0 | 10 | 19 | 19.00 | 1 | 1 | 16.48 | 20.00 |
| Science - Chemistry | 0 | 1 | 1 | 1 | 5 | 83 | 83.00 | 0 | 0 | 1.84 | 3.03 |
| History - American | 0 | 1 | 1 | 0 | 5 | 51 | 51.00 | 1 | 1 | 4.63 | 9.09 |
| Philosophy | 0 | 1 | 2 | 0 | 0 | 23 | 23.00 | 1 | 1 | 8.58 | 11.11 |
| Geography | 0 | 0 | 1 | 0 | -5 | 0.00 | 0 | 0 | 0.00 | 0.00 |